The technique of English verse

Αποθηκεύτηκε σε:
Λεπτομέρειες βιβλιογραφικής εγγραφής
Κύριος συγγραφέας: Stewart, George R.
Μορφή: Βιβλίο
Γλώσσα:English
Δημοσίευση: New York : Henry Holt & Co., 1930
Θέματα:
Ετικέτες: Προσθήκη ετικέτας
Δεν υπάρχουν, Καταχωρήστε ετικέτα πρώτοι!

MARC

LEADER 00000cam a2200000 i 4500
001 1/53358
008 040421s1930 eng d
035 |l 10073085 
040 |a GR-MY-UA  |b gre  |e aacr 
041 0 |a eng 
082 0 |a 426 
100 1 |a Stewart, George R. 
245 1 4 |a The technique of English verse /  |c George R. Stewart 
260 |a New York :   |b Henry Holt & Co.,   |c 1930 
300 |a 235 p. 
504 |a Includes index and bibliography 
650 0 0 |a English language  |x Versification. 
852 |a INST  |b RHODES  |c AKA  |e 20040421  |h  426 STE  |p 005400019273  |q 005400019273  |t BK  |y 0 
901 |a BIBL4-2004-1 
909 |a Ρ  |b 109251 
970 |a ΚΟΥΛΑΚΙΟΤΗ  |b ΛΙΤΣΑ  |z 2004/04/21